000 00463nam a2200169Ia 4500
003 OSt
005 20260311102010.0
008 211028s2013 xx 000 0 und d
040 _cAIMIT LIBRARY
041 _aeng
100 _aPuthran, Shailesh N;Pilar, Bharathi.
_g101740
_93848
110 _aManimozhi R
_93849
245 _aGrading system for internal examination /
260 _aMangalore
_c2013
710 _aMicrocore Solutions
_93850
942 _2ddc
_cPRO
999 _c217371
_d217371